000 00534nam a22001457a 4500
003 NUST
082 _a670
245 _aAnalysis of Cutting Forces and Tool Wear during Micro milling of Ti-6Al-4V at low machining speed /
_cAmmir Rashid
264 _aIslamabad:
_bSMME- NUST.
_c2021.
300 _a71p. ;
_bSoft Copy,
_c30cm.
650 _aMS Design and Manufacturing Engineering
_9119567
700 _aSupervisor : Dr Mushtaq Khan
_9119879
856 _uhttp://10.250.8.41:8080/xmlui/handle/123456789/25195
942 _2ddc
_cTHE
999 _c608849
_d608849